[Event "CXG RSa Memorial-B"]
[Site "Rio de Janeiro"]
[Date "1999.??.??"]
[Round "10"]
[White "Carvalho, Carlos Alberto"]
[Black "Cunha, Luiz Fco"]
[Result "1-0"]
[WhiteElo "2050"]
[BlackElo "2000"]
[PlyCount "43"]
[EventDate "1999.??.??"]
[EventType "tourn"]
[EventRounds "11"]
[EventCountry "BRA"]
[SourceTitle "EXT 2000"]
[Source "ChessBase"]
[SourceDate "1999.11.16"]
[SourceVersion "1"]
[SourceVersionDate "1999.11.16"]
[SourceQuality "1"]

1. d4 Nf6 2. Nd2 d5 3. e3 e6 4. Bd3 c5 5. c3 Nc6 6. f4 Be7 7. Ngf3 0-0 8. 0-0 b6 9. Ne5 Bb7 10. Qf3 Qc7 11. g4 Rad8 12. g5 Ne8 13. Bxh7+ Kxh7 14. Qh5+ Kg8 15. Rf3 g6 16. Qh6 Ng7 17. Rh3 Nh5 18. Nxg6 fxg6 19. Qxg6+ Ng7 20. Rh8+ Kxh8 21. Qh6+ Kg8 22. g6 1-0

[Event "CXG RSa Memorial-B"]
[Site "Rio de Janeiro"]
[Date "1999.??.??"]
[Round "9"]
[White "Cunha, Luiz Fco"]
[Black "Soares, Estevao Luiz"]
[Result "0-1"]
[WhiteElo "2000"]
[BlackElo "2000"]
[PlyCount "80"]
[EventDate "1999.??.??"]
[EventType "tourn"]
[EventRounds "11"]
[EventCountry "BRA"]
[SourceTitle "EXT 2000"]
[Source "ChessBase"]
[SourceDate "1999.11.16"]
[SourceVersion "1"]
[SourceVersionDate "1999.11.16"]
[SourceQuality "1"]

1. e4 c5 2. Nf3 d6 3. d4 cxd4 4. Qxd4 Nc6 5. Bb5 Bd7 6. Bxc6 Bxc6 7. 0-0 Nf6 8. Bg5 h6 9. Bh4 e5 10. Qb4 d5 11. Bxf6 Qxf6 12. Qc3 dxe4 13. Qxe5+ Qxe5 14. Nxe5 f5 15. Nxc6 bxc6 16. Rd1 Bc5 17. Nc3 Rb8 18. b3 Ke7 19. Rd2 Bb4 20. Nxe4 fxe4 21. Rd4 c5 22. Rxe4+ Kf6 23. Rd1 Rhe8 24. Rd6+ Kf5 25. Rxe8 Rxe8 26. g3 Re1+ 27. Kg2 Re2 28. Rd7 Rxc2 29. Rxa7 Bc3 30. a4 Bd4 31. Rf7+ Ke4 32. g4 g6 33. Kg3 Kd3 34. Rf3+ Kd2 35. Rf7 Rc3+ 36. f3 Rxb3 37. a5 Ra3 38. Ra7 c4 39. Ra8 c3 40. a6 c2 0-1